[Event "Torneo de Navidad Base y Senior - Casino Primitivo"]
[Site "Calle Maestra 3 (Palacio de Cultura) - Jaén"]
[Date "2022.12.10"]
[Round "3.2"]
[White "Gamez Lara, Cesar Julio"]
[Black "Ordonez Torres, Maria del Carmen"]
[Result "0-1"]
[WhiteElo "1730"]
[BlackElo "2041"]
[PlyCount "52"]
[EventDate "2022.??.??"]

{[%evp 0,46,23,12,11,16,17,17,13,11,33,31,31,2,25,-3,15,23,17,-4,46,41,42,37,43,-5,12,1,6,-120,-171,-113,-113,-145,-144,-240,8,-47,-173,-173,-167,-199,-197,-502,-256,-262,-314,-333,-300]} 1. e4 {[%emt 0:00:02]} e5 {[%emt 0:00:03]} 2. Nf3 {[%emt 0:00:04]} Nc6 {[%emt 0:00:01]} 3. Bc4 Nf6 {[%emt 0:00:02]} 4. d3 {[%emt 0:00:01]} h6 {[%emt 0:00:02]} 5. O-O {[%emt 0:00:09]} d6 {[%emt 0:00:01]} 6. c3 {[%emt 0:00:04]} g6 {[%emt 0:00:02]} 7. Re1 {[%emt 0:00:23]} Bg7 {[%emt 0:00:02]} 8. b4 {[%emt 0:00:29]} O-O {[%emt 0:00:03]} 9. h3 {[%emt 0:00:09]} Kh7 {[%emt 0:00:08]} 10. Nbd2 {[%emt 0:01:01]} d5 {[%emt 0:00:55]} 11. exd5 {[%emt 0:00:38]} Nxd5 {[%emt 0:00:02]} 12. Qc2 {[%emt 0:00:44]} a6 {[%emt 0:00:52]} 13. Nf1 {[%emt 0:00:14]} f5 {[%emt 0:00:07]} 14. b5 {[%emt 0:01:16]} axb5 {[%emt 0:00:14]} 15. Bxb5 e4 {[%emt 0:00:14]} 16. dxe4 {[%emt 0:00:55]} fxe4 {[%emt 0:00:33]} 17. Nd4 {[%emt 0:00:15]} Ndb4 {[%emt 0:01:36]} 18. Qxe4 {[%emt 0:00:50]} Nxd4 {[%emt 0:00:14]} 19. cxd4 {[%emt 0:00:49]} Bf5 {[%emt 0:00:16]} 20. Qe7 {[%emt 0:01:14]} Nc2 {[%emt 0:00:13]} 21. Bxh6 {[%emt 0:00:22]} Qxe7 {[%emt 0:00:08]} 22. Rxe7 {[%emt 0:00:04]} Kxh6 {[%emt 0:00:03]} 23. Rc1 {[%emt 0:00:18]} c6 {[%emt 0:00:22]} 24. Bc4 {[%emt 0:00:10]} b5 {[%emt 0:00:12]} 25. Bb3 {[%emt 0:00:01]} Nxd4 {[%emt 0:00:04]} 26. Ne3 {[%emt 0:00:08]} Ne2+ {[%emt 0:00:05]} 0-1

[Event "Torneo de Navidad Base y Senior - Casino Primitivo"]
[Site "Calle Maestra 3 (Palacio de Cultura) - Jaén"]
[Date "2022.12.10"]
[Round "3.3"]
[White "Barruz Serrano, Antonio Angel"]
[Black "Castro Marquez, Andrea"]
[Result "0-1"]
[WhiteElo "1923"]
[BlackElo "1695"]
[Annotator "GM José Carlos Ibarra Jerez"]
[PlyCount "85"]
[EventDate "2022.??.??"]

{[%evp 0,52,23,11,66,-40,-19,-22,-12,-17,-12,-23,-18,-38,-34,-52,-47,-39,-52,-75,-74,-63,-67,-56,-56,-69,-58,-57,-55,-107,-73,-90,-90,-90,-91,-150,-117,-125,-133,-148,-74,-95,-60,-82,-57,-73,-40,-58,-31,-120,-101,-113,-125,-205,-85]} 1. e4 {[%emt 0:00:10]} d5 {[%emt 0:00:02] Las negras emplean la Defensa Escandinava, una defensa que difícilmente se ve jugar en la élite, pero que tiene su veneno.} 2. Nc3 $6 {[%emt 0:00:17] Variante secundaria con mala reputación para el blanco.} d4 $1 {[%emt 0:00:02] La mejor opción, adueñándose de la ventaja de espacio en el centro.} 3. Nce2 {[%emt 0:00:01]} e5 {[%emt 0:00:02]} 4. Ng3 {[%emt 0:00:04]} Be6 $1 {[%emt 0:00:18] Las negras muestran estar muy bien preparadas contra esta línea, esta jugada es muy importante para evitar la salida del alfil blanco a la buena diagonal de a2-g8.} (4... Nc6 5. Bc4 {Las blancas podrían conseguir un esquema interesante con d3 Cf3 y 0-0.}) 5. Nf3 {[%emt 0:00:09]} f6 $1 {[%emt 0:00:03] Otra vez la más precisa según la teoría.} (5... Nc6 6. Bb5 f6 7. d3 {Y las blancas conseguían una posición aceptable.}) 6. d3 {[%emt 0:00:56]} (6. Bb5+ {Es el intento más habitual del blanco, para que el alfil no quede dentro de la cadena de peones. Esta jugada igualmente es castigada con un buen juego de las negras.} c6 7. Ba4 Na6 $1 8. Bb3 Bxb3 9. axb3 d3 $17) 6... Nc6 {[%emt 0:00:17]} (6... c5 $5 {Era otra forma natural de jugar, consiguiendo más ventaja de espacio.}) 7. c4 $6 {[%emt 0:00:02] Las blancas rehusan las posibilidad de luchar el centro de las negras con c3.} (7. c3 Qd7 8. Be2 O-O-O 9. O-O {Con juego interesante.}) 7... Bb4+ $1 {[%emt 0:00:25] Buscando el cambio del alfil "malo" de las negras, por el alfil "bueno" de las blancas.} 8. Bd2 {[%emt 0:00:02]} Bxd2+ {[%emt 0:00:03]} 9. Qxd2 {[%emt 0:00:02]} Nge7 {[%emt 0:00:27]} 10. b4 {[%emt 0:00:02] Las blancas intentan con buen criterio expandirse en el flanco de dama.} a6 {[%emt 0:00:02]} 11. Be2 {[%emt 0:00:11]} Ng6 $1 {[%emt 0:00:28] Buscando la débil casilla de f4.} 12. Nh5 {[%emt 0:00:10]} O-O {[%emt 0:00:41]} 13. h3 {[%emt 0:00:02]} Qd7 {[%emt 0:00:13]} 14. g4 $2 {[%emt 0:00:10] Las blancas siguen colocando peones en casillas blancas, teniendo alfil de ese color les provocará que las casillas negras queden muy debilitadas. El ataque no parece compensar las debilidades posicionales.} h6 {[%emt 0:00:07]} 15. Rc1 {[%emt 0:02:29]} Nd8 $1 {[%emt 0:00:07] El caballo no estaba bien ubicado en c6, las negras intentan mejorarlo. La posición cerrada da pie a este tipo de maniobras más lentas.} 16. Bd1 {[%emt 0:00:10]} Nf7 {[%emt 0:00:23]} 17. Ng3 {[%emt 0:00:05]} Ng5 $1 {[%emt 0:00:17]} 18. Ng1 {[%emt 0:01:52]} Nf4 {[%emt 0:00:46]} 19. Kf1 {[%emt 0:00:14]} Nf7 {[%emt 0:00:40]} 20. N1e2 {[%emt 0:00:04]} Nxe2 {[%emt 0:00:16]} 21. Qxe2 {[%emt 0:00:06]} Qe7 {[%emt 0:00:20]} 22. Qd2 {[%emt 0:00:03]} Qd7 {[%emt 0:00:10]} 23. a3 {[%emt 0:00:29]} Nh8 $1 {[%emt 0:00:21] Las negras consiguen a través de esta bonita jugada dirigirse a la casilla f4.} 24. Nf5 $6 {[%emt 0:00:11] Las blancas dejarán de poder luchar la casilla f4. Parecía más lógico intentar quedarse en g3 para poder ofrecer el cambio de caballos en algún momento.} (24. Kg2 Ng6 25. Kh2 Nf4 26. Ne2) 24... Ng6 {[%emt 0:00:58]} 25. h4 {[%emt 0:00:27]} Nf4 {[%emt 0:00:02] El caballo consigue su mejor ubicación, ahora necesitará de la coordinación del resto de piezas para incrementar la ventaja.} 26. f3 {[%emt 0:00:50]} b5 {[%emt 0:00:23] Las negras con muy buen criterio empiezan a preparar la apertura decisiva de la columana "a". Esta es fundamental para coordinarse con el caballo de f4 en la presión.} 27. c5 {[%emt 0:00:08]} c6 {[%emt 0:00:04]} 28. h5 {[%emt 0:00:10]} Qd8 {[%emt 0:00:18]} (28... a5 $1 {Parecía buen momento para abrir.} 29. bxa5 Qc7 $19) 29. Kf2 {[%emt 0:00:35]} a5 $1 {[%emt 0:00:08]} 30. Rb1 {[%emt 0:00:08]} axb4 {[%emt 0:00:12]} 31. axb4 {[%emt 0:00:02]} Ra2 {[%emt 0:00:49] La partida está completamente ganada, todo ello gracias a las ventajas posicionales adquiridas: -El dominio absoluto de la única columna abierta. -Caballo inexpugnable en el puesto avanzado de f4. -Alfil bueno de las negras contra el alfil malo de las blancas.} 32. Bc2 Qd7 {[%emt 0:00:20]} 33. Kg3 {[%emt 0:00:03]} Rfa8 {[%emt 0:00:17]} 34. Rhd1 {[%emt 0:00:34]} R8a3 {[%emt 0:00:09]} 35. Kh4 {[%emt 0:00:33] Poco podían hacer ya las blancas en esta posición desesperada.} Nxd3 $1 {[%emt 0:00:38]} 36. Qg2 {[%emt 0:00:45]} Nf4 {[%emt 0:00:09]} 37. Qd2 {[%emt 0:00:14]} Rxf3 {[%emt 0:00:38]} 38. Rh1 {[%emt 0:00:01]} Rc3 {[%emt 0:00:03]} 39. Rbc1 {[%emt 0:00:02]} Kh7 {[%emt 0:00:22]} 40. Rh2 {[%emt 0:00:01]} Bb3 {[%emt 0:00:23]} 41. Qd1 {[%emt 0:00:03]} d3 {[%emt 0:00:27]} 42. Ne3 {[%emt 0:00:20]} Be6 {[%emt 0:00:33]} 43. Bb1 {[%emt 0:00:05] Las blancas abandonan después de ver que se habían dejado la torre de h2.} 0-1

[Event "Torneo de Navidad Base y Senior - Casino Primitivo"]
[Site "Calle Maestra 3 (Palacio de Cultura) - Jaén"]
[Date "2022.12.10"]
[Round "3.4"]
[White "Torres Medina, Miguel"]
[Black "Prieto Melendrez, Gustavo"]
[Result "0-1"]
[WhiteElo "1620"]
[BlackElo "1876"]
[PlyCount "138"]
[EventDate "2022.??.??"]

{[%evp 0,46,23,23,23,4,41,12,50,43,60,51,51,50,65,52,36,45,44,37,44,44,41,47,-6,-7,1,-12,-5,-94,-115,-118,-118,-120,-111,-208,-207,-210,-210,-210,-194,-190,-159,-146,-158,-158,-165,-216,-162]} 1. Nf3 {[%emt 0:00:13]} Nf6 {[%emt 0:00:02]} 2. c4 {[%emt 0:00:05]} g6 {[%emt 0:00:05]} 3. Nc3 {[%emt 0:00:02]} Bg7 {[%emt 0:00:12]} 4. d4 {[%emt 0:00:02]} d5 {[%emt 0:00:02]} 5. cxd5 {[%emt 0:00:26]} Nxd5 {[%emt 0:00:02]} 6. e4 {[%emt 0:00:32]} Nxc3 {[%emt 0:00:03]} 7. bxc3 {[%emt 0:00:01]} c5 {[%emt 0:00:02]} 8. Be3 {[%emt 0:00:11]} O-O {[%emt 0:00:22]} 9. Be2 {[%emt 0:00:15]} cxd4 {[%emt 0:00:05]} 10. cxd4 {[%emt 0:00:05]} Nc6 {[%emt 0:00:03]} 11. Rc1 {[%emt 0:00:34]} Qa5+ {[%emt 0:00:20]} 12. Qd2 {[%emt 0:00:14]} Qxd2+ {[%emt 0:00:02]} 13. Kxd2 {[%emt 0:00:02]} Rd8 {[%emt 0:00:07]} 14. d5 {[%emt 0:00:28]} e6 {[%emt 0:00:14]} 15. Bc4 {[%emt 0:00:56]} exd5 {[%emt 0:00:21]} 16. Bxd5 {[%emt 0:00:17]} Be6 {[%emt 0:00:36]} 17. Rc5 {[%emt 0:00:03]} Nb4 {[%emt 0:00:27]} 18. Ke2 {[%emt 0:00:18]} Nxd5 {[%emt 0:00:14]} 19. exd5 {[%emt 0:00:04]} Bxd5 {[%emt 0:00:07]} 20. a4 {[%emt 0:00:19]} Rac8 {[%emt 0:00:15]} 21. Rhc1 {[%emt 0:00:02]} Rxc5 {[%emt 0:00:06]} 22. Rxc5 {[%emt 0:00:01]} Bc6 {[%emt 0:00:02]} 23. a5 {[%emt 0:00:02]} a6 {[%emt 0:01:35]} 24. Rc2 {[%emt 0:00:13]} Re8 {[%emt 0:01:48]} 25. Rd2 {[%emt 0:00:23]} Bh6 {[%emt 0:00:18]} 26. Ne1 {[%emt 0:00:35]} Bxe3 {[%emt 0:00:21]} 27. fxe3 {[%emt 0:00:01]} Re5 {[%emt 0:00:10]} 28. Ra2 {[%emt 0:00:04]} Rh5 {[%emt 0:00:18]} 29. h3 {[%emt 0:00:02]} Rg5 {[%emt 0:00:08]} 30. g4 {[%emt 0:00:09]} h5 {[%emt 0:00:04]} 31. Nf3 {[%emt 0:00:05]} Bxf3+ {[%emt 0:00:02]} 32. Kxf3 hxg4+ {[%emt 0:00:04]} 33. hxg4 {[%emt 0:00:01]} Rb5 {[%emt 0:00:09]} 34. Kf4 {[%emt 0:00:09]} Kg7 {[%emt 0:00:01]} 35. e4 {[%emt 0:00:04]} Kf6 {[%emt 0:00:02]} 36. Ra4 {[%emt 0:00:09]} g5+ {[%emt 0:00:14]} 37. Kf3 {[%emt 0:00:02]} Ke5 {[%emt 0:00:02]} 38. Ra3 {[%emt 0:00:35]} f6 {[%emt 0:00:11]} 39. Ke3 {[%emt 0:00:03]} Rb4 {[%emt 0:00:07]} 40. Rc3 {[%emt 0:00:14]} Rxe4+ {[%emt 0:00:04]} 41. Kf3 Rb4 {[%emt 0:00:21]} 42. Rc5+ {[%emt 0:00:04]} Kd6 {[%emt 0:00:13]} 43. Rf5 {[%emt 0:00:03]} Ke6 {[%emt 0:00:04]} 44. Rc5 {[%emt 0:00:04]} Rb5 {[%emt 0:00:04]} 45. Rc7 {[%emt 0:00:08]} Rxa5 {[%emt 0:00:08]} 46. Rxb7 {[%emt 0:00:01]} Ra1 {[%emt 0:00:39]} 47. Rb6+ Kf7 48. Rb7+ Kg6 49. Rb8 a5 50. Rg8+ Kf7 {[%emt 0:00:01]} 51. Ra8 {[%emt 0:00:03]} a4 {[%emt 0:00:01]} 52. Ke4 {[%emt 0:00:05]} a3 {[%emt 0:00:02]} 53. Kf5 {[%emt 0:00:05]} Rf1+ {[%emt 0:00:19]} 54. Ke4 {[%emt 0:00:02]} Rf4+ {[%emt 0:00:02]} 55. Ke3 {[%emt 0:00:03]} Rxg4 {[%emt 0:00:05]} 56. Kf3 {[%emt 0:00:03]} Rf4+ {[%emt 0:00:03]} 57. Kg3 {[%emt 0:00:03]} Kg6 {[%emt 0:00:09]} 58. Rxa3 {[%emt 0:00:02]} Rc4 {[%emt 0:00:14]} 59. Rd3 {[%emt 0:00:08]} f5 {[%emt 0:00:07]} 60. Rd6+ {[%emt 0:00:02]} Kh5 {[%emt 0:00:01]} 61. Rd8 {[%emt 0:00:03]} Rc3+ 62. Kg2 {[%emt 0:00:01]} Kg4 {[%emt 0:00:03]} 63. Rd4+ {[%emt 0:00:02]} f4 {[%emt 0:00:01]} 64. Rd2 {[%emt 0:00:09]} Kh4 {[%emt 0:00:26]} 65. Ra2 {[%emt 0:00:03]} g4 {[%emt 0:00:10]} 66. Ra8 {[%emt 0:00:04]} Rc2+ {[%emt 0:00:01]} 67. Kg1 {[%emt 0:00:03]} Kg3 {[%emt 0:00:04]} 68. Ra3+ {[%emt 0:00:02]} f3 69. Rb3 {[%emt 0:00:02]} Rc1# {[%emt 0:00:04]} 0-1

[Event "Torneo de Navidad Base y Senior - Casino Primitivo"]
[Site "Calle Maestra 3 (Palacio de Cultura) - Jaén"]
[Date "2022.12.10"]
[Round "3.5"]
[White "Cano Padilla, Ruben Jesus"]
[Black "Gonzalez de Miguel Yataco, Miguel Angel"]
[Result "0-1"]
[WhiteElo "1866"]
[BlackElo "1624"]
[PlyCount "58"]
[EventDate "2022.??.??"]

{[%evp 0,46,23,11,44,44,80,62,64,29,32,33,40,40,33,31,24,27,42,39,21,17,22,-6,11,-15,177,150,132,20,115,87,122,141,46,18,269,91,51,51,31,-35,0,-29,-27,-100,76,79,94]} 1. e4 {[%emt 0:00:07]} c5 {[%emt 0:00:02]} 2. Nf3 {[%emt 0:00:02]} d6 {[%emt 0:00:02]} 3. d4 {[%emt 0:00:01]} cxd4 {[%emt 0:00:04]} 4. Nxd4 {[%emt 0:00:02]} Nf6 {[%emt 0:00:09]} 5. Nc3 {[%emt 0:00:02]} a6 {[%emt 0:00:03]} 6. Be3 {[%emt 0:00:03]} e5 {[%emt 0:00:12]} 7. Nb3 {[%emt 0:00:03]} Be6 {[%emt 0:00:09]} 8. f3 {[%emt 0:00:16]} Be7 {[%emt 0:00:06]} 9. Qd2 {[%emt 0:00:02]} Nbd7 {[%emt 0:00:33]} 10. O-O-O {[%emt 0:00:14]} b5 {[%emt 0:00:38]} 11. g4 {[%emt 0:00:15]} Nb6 {[%emt 0:00:38]} 12. Na5 {[%emt 0:01:37]} Rc8 {[%emt 0:00:28]} 13. g5 {[%emt 0:00:07]} b4 {[%emt 0:00:47]} 14. Nb1 {[%emt 0:02:06]} Nfd7 {[%emt 0:00:36]} 15. Bxa6 {[%emt 0:03:26]} Ra8 {[%emt 0:02:24]} 16. Nc6 {[%emt 0:00:02]} Qc7 {[%emt 0:00:02]} 17. Bb5 {[%emt 0:00:02]} Bxa2 {[%emt 0:01:04]} 18. Nxe7 {[%emt 0:00:08]} Kxe7 {[%emt 0:00:03]} 19. Qxb4 {[%emt 0:00:09]} Rhc8 {[%emt 0:00:40]} 20. Nc3 {[%emt 0:00:30]} Be6 {[%emt 0:00:20]} 21. Rhe1 {[%emt 0:01:12]} Nc4 {[%emt 0:00:15]} 22. Bxc4 {[%emt 0:00:30]} Qxc4 {[%emt 0:00:04]} 23. Qxd6+ {[%emt 0:00:19]} Ke8 24. Qd3 {[%emt 0:00:27]} Qb4 {[%emt 0:00:23]} 25. Qd6 {[%emt 0:00:10]} Ra1+ {[%emt 0:00:11]} 26. Nb1 {[%emt 0:00:02]} Rxc2+ {[%emt 0:00:46]} 27. Kxc2 {[%emt 0:00:02]} Bb3+ 28. Kd3 {[%emt 0:00:18]} Qc4+ {[%emt 0:00:01]} 29. Kd2 {[%emt 0:00:04]} Qc2# {[%emt 0:00:01]} 0-1

[Event "Torneo de Navidad Base y Senior - Casino Primitivo"]
[Site "Calle Maestra 3 (Palacio de Cultura) - Jaén"]
[Date "2022.12.10"]
[Round "4.1"]
[White "Cuevas Padilla, Bernabe"]
[Black "Bernabeu Lopez, Carlos Javier"]
[Result "0-1"]
[WhiteElo "1834"]
[BlackElo "2468"]
[PlyCount "62"]
[EventDate "2022.??.??"]

{[%evp 0,34,23,13,23,14,37,37,35,43,36,15,-1,11,44,32,50,41,41,29,35,31,31,2,25,25,4,18,6,6,-14,-120,-131,-89,-113,-113,-45]} 1. d4 {[%emt 0:00:02]} Nf6 {[%emt 0:00:01]} 2. c4 {[%emt 0:00:04]} g6 {[%emt 0:00:01]} 3. Nc3 {[%emt 0:00:01]} Bg7 4. e4 {[%emt 0:00:02]} d6 {[%emt 0:00:01]} 5. f3 {[%emt 0:00:01]} O-O {[%emt 0:00:02]} 6. Be3 {[%emt 0:00:04]} c6 {[%emt 0:00:02]} 7. Qd2 {[%emt 0:00:09]} a6 {[%emt 0:00:01]} 8. Bd3 {[%emt 0:00:52]} b5 {[%emt 0:00:02]} 9. a3 {[%emt 0:00:10]} bxc4 {[%emt 0:00:02]} 10. Bxc4 {[%emt 0:00:01]} d5 {[%emt 0:00:01]} 11. Ba2 {[%emt 0:00:20]} dxe4 {[%emt 0:00:05]} 12. fxe4 {[%emt 0:00:01]} Ng4 {[%emt 0:00:02]} 13. Rd1 {[%emt 0:01:27]} Nxe3 {[%emt 0:00:02]} 14. Qxe3 Qb6 {[%emt 0:00:03]} 15. b4 {[%emt 0:00:44]} a5 {[%emt 0:00:09]} 16. Na4 {[%emt 0:00:44]} Qb5 {[%emt 0:00:05]} 17. Nc3 {[%emt 0:00:02]} Qh5 {[%emt 0:00:08]} 18. Nf3 {[%emt 0:00:41]} axb4 {[%emt 0:00:03]} 19. axb4 Bg4 {[%emt 0:00:35]} 20. O-O {[%emt 0:00:03]} Nd7 {[%emt 0:00:05]} 21. h3 {[%emt 0:01:02]} Bxf3 22. Rxf3 e6 23. e5 {[%emt 0:01:34]} Ra3 {[%emt 0:00:27]} 24. Bc4 {[%emt 0:00:18]} Nb6 {[%emt 0:00:06]} 25. Qe2 {[%emt 0:00:49]} Qh4 {[%emt 0:01:04]} 26. b5 {[%emt 0:00:41]} cxb5 {[%emt 0:00:41]} 27. Nxb5 {[%emt 0:00:02]} Rxf3 {[%emt 0:00:04]} 28. gxf3 {[%emt 0:00:27]} Qg3+ {[%emt 0:00:03]} 29. Kh1 {[%emt 0:00:07]} Qxh3+ {[%emt 0:00:02]} 30. Kg1 Qg3+ {[%emt 0:00:06]} 31. Kh1 {[%emt 0:00:04]} Nxc4 {[%emt 0:00:02]} 0-1

[Event "Torneo de Navidad Base y Senior - Casino Primitivo"]
[Site "Calle Maestra 3 (Palacio de Cultura) - Jaén"]
[Date "2022.12.10"]
[Round "4.2"]
[White "Ordonez Torres, Maria del Carmen"]
[Black "Blanca Almagro Miguel"]
[Result "1-0"]
[WhiteElo "2041"]
[BlackElo "1832"]
[PlyCount "71"]
[EventDate "2022.??.??"]

{[%evp 0,71,25,16,58,58,77,62,53,27,40,26,65,28,87,65,75,59,105,92,104,95,100,98,101,68,59,72,66,61,66,7,128,135,141,145,152,142,160,137,178,182,182,139,146,145,136,150,163,162,147,147,271,273,318,259,328,332,332,306,380,374,428,428,432,349,408,406,358,359,380,379,440,342]} 1. e4 {[%emt 0:00:02]} c5 {[%emt 0:00:07]} 2. Nf3 {[%emt 0:00:01]} d6 {[%emt 0:00:01]} 3. d4 {[%emt 0:00:01]} cxd4 {[%emt 0:00:01]} 4. Nxd4 {[%emt 0:00:01]} Nf6 {[%emt 0:00:01]} 5. Nc3 {[%emt 0:00:02]} a6 {[%emt 0:00:01]} 6. h3 {[%emt 0:00:03]} h5 {[%emt 0:00:07]} 7. Be3 {[%emt 0:00:18]} e6 {[%emt 0:00:30]} 8. Be2 {[%emt 0:00:26]} Qc7 {[%emt 0:00:06]} 9. a4 {[%emt 0:01:06]} e5 {[%emt 0:00:11]} 10. Nf3 {[%emt 0:00:24]} Nbd7 {[%emt 0:00:21]} 11. O-O {[%emt 0:00:08]} Nc5 {[%emt 0:00:02]} 12. Nd5 {[%emt 0:00:35]} Nxd5 {[%emt 0:00:08]} 13. exd5 {[%emt 0:00:02]} Bf5 {[%emt 0:00:15]} 14. Nh4 {[%emt 0:01:04]} Be4 {[%emt 0:00:52]} 15. f3 {[%emt 0:01:03]} Be7 16. fxe4 {[%emt 0:00:15]} Bxh4 {[%emt 0:00:03]} 17. Bxh5 {[%emt 0:00:15]} g6 {[%emt 0:00:52]} 18. Bf3 {[%emt 0:00:14]} a5 {[%emt 0:00:18]} 19. c3 {[%emt 0:00:18]} Bd8 {[%emt 0:00:24]} 20. b4 {[%emt 0:00:14]} Nd7 {[%emt 0:00:13]} 21. Qd2 {[%emt 0:00:07]} Nf6 {[%emt 0:00:22]} 22. Rfb1 {[%emt 0:01:05]} Qc4 {[%emt 0:00:04]} 23. Qc2 {[%emt 0:01:02]} Rc8 {[%emt 0:00:06]} 24. bxa5 {[%emt 0:00:17]} Bxa5 {[%emt 0:00:05]} 25. Rxb7 {[%emt 0:00:05]} Qxc3 {[%emt 0:00:04]} 26. Qxc3 {[%emt 0:00:21]} Rxc3 {[%emt 0:00:02]} 27. Bd2 {[%emt 0:00:25]} O-O {[%emt 0:00:34]} 28. Bxc3 {[%emt 0:00:08]} Bxc3 {[%emt 0:00:02]} 29. Rab1 {[%emt 0:00:02]} Ra8 {[%emt 0:00:05]} 30. Rb8+ {[%emt 0:00:02]} Rxb8 {[%emt 0:00:02]} 31. Rxb8+ {[%emt 0:00:01]} Kg7 32. Kf1 {[%emt 0:00:45]} Nd7 {[%emt 0:00:18]} 33. Rd8 {[%emt 0:00:41]} Nb6 {[%emt 0:00:16]} 34. Rxd6 {[%emt 0:07:20]} Nxa4 35. Ke2 Kf8 36. Ra6 1-0

[Event "Torneo de Navidad Base y Senior - Casino Primitivo"]
[Site "Calle Maestra 3 (Palacio de Cultura) - Jaén"]
[Date "2022.12.10"]
[Round "4.3"]
[White "Castro Marquez, Andrea"]
[Black "Prieto Melendrez, Gustavo"]
[Result "0-1"]
[WhiteElo "1695"]
[BlackElo "1876"]
[PlyCount "82"]
[EventDate "2022.??.??"]

{[%evp 0,50,13,11,12,16,17,18,8,-2,-9,-4,1,11,2,17,19,-22,19,-6,1,-14,12,-9,-3,1,15,12,26,26,34,21,54,-36,-34,-73,-67,-75,-84,-75,-94,-87,-99,-99,-62,-419,-419,-618,-488,-592,-472,-482,-491]} 1. e4 {[%emt 0:00:02]} e5 {[%emt 0:00:02]} 2. Nf3 {[%emt 0:00:01]} Nc6 3. Nc3 {[%emt 0:00:01]} Nf6 {[%emt 0:00:02]} 4. d4 {[%emt 0:00:01]} exd4 {[%emt 0:00:02]} 5. Nxd4 Bb4 {[%emt 0:00:08]} 6. Nxc6 {[%emt 0:00:04]} bxc6 {[%emt 0:00:01]} 7. Bd3 {[%emt 0:00:01]} d5 {[%emt 0:00:04]} 8. O-O {[%emt 0:00:30]} O-O {[%emt 0:00:54]} 9. exd5 {[%emt 0:00:02]} cxd5 {[%emt 0:00:01]} 10. Bg5 {[%emt 0:00:24]} c6 {[%emt 0:00:02]} 11. h3 {[%emt 0:00:28]} Be6 {[%emt 0:00:07]} 12. a3 {[%emt 0:00:18]} Be7 {[%emt 0:01:08]} 13. Re1 {[%emt 0:00:07]} Re8 {[%emt 0:00:59]} 14. Qf3 {[%emt 0:01:06]} Qd7 {[%emt 0:01:05]} 15. b4 {[%emt 0:00:41]} a5 {[%emt 0:00:33]} 16. bxa5 {[%emt 0:00:24]} Rxa5 {[%emt 0:00:06]} 17. Bd2 {[%emt 0:00:55]} Rxa3 {[%emt 0:00:16]} 18. Rxa3 {[%emt 0:00:01]} Bxa3 {[%emt 0:00:02]} 19. Ne2 {[%emt 0:00:01]} Ne4 {[%emt 0:02:01]} 20. Bxe4 {[%emt 0:01:12]} dxe4 {[%emt 0:00:02]} 21. Qc3 {[%emt 0:00:35]} c5 {[%emt 0:00:29]} 22. Nf4 {[%emt 0:00:03]} Bb4 {[%emt 0:00:07]} 23. Qe5 {[%emt 0:01:37]} Bxd2 {[%emt 0:00:25]} 24. Rxe4 {[%emt 0:00:08]} Bxf4 {[%emt 0:00:21]} 25. Rxf4 {[%emt 0:07:25]} Qd1+ 26. Kh2 Qxc2 27. Rf3 c4 28. Rg3 g6 29. Qb5 Rd8 30. Qb6 Qd2 31. Qc7 Qd6 32. Qa5 Rc8 33. Qc3 h5 34. Kg1 Rb8 35. Re3 Rb1+ 36. Re1 Rxe1+ 37. Qxe1 Qd3 38. Qa1 c3 39. Qa8+ Kg7 40. Qa1 Qd2 41. Kh2 Qb2 0-1

[Event "Torneo de Navidad Base y Senior - Casino Primitivo"]
[Site "Calle Maestra 3 (Palacio de Cultura) - Jaén"]
[Date "2022.12.10"]
[Round "4.4"]
[White "Gonzalez de Miguel Yataco, Miguel Angel"]
[Black "Barruz Serrano, Antonio Angel"]
[Result "1/2-1/2"]
[WhiteElo "1624"]
[BlackElo "1923"]
[PlyCount "91"]
[EventDate "2022.??.??"]

{[%evp 0,40,23,12,68,75,72,24,13,8,30,15,48,43,55,-2,57,0,8,15,48,56,60,62,60,60,36,44,7,31,6,-26,-33,-46,-50,-50,-81,-117,-123,-135,-146,-140,-119]} 1. e4 {[%emt 0:00:08]} d6 {[%emt 0:00:10]} 2. d4 {[%emt 0:00:04]} Nf6 {[%emt 0:00:02]} 3. Bd3 {[%emt 0:00:05]} e5 {[%emt 0:00:02]} 4. c3 {[%emt 0:00:15]} Be7 {[%emt 0:00:03]} 5. Nf3 {[%emt 0:00:05]} Nc6 {[%emt 0:00:08]} 6. O-O {[%emt 0:00:24]} Bg4 {[%emt 0:00:05]} 7. Be3 {[%emt 0:00:18]} O-O {[%emt 0:00:07]} 8. Nbd2 {[%emt 0:00:09]} d5 {[%emt 0:00:39]} 9. exd5 {[%emt 0:00:53]} Nxd5 {[%emt 0:00:05]} 10. Qc2 {[%emt 0:00:18]} h6 {[%emt 0:01:14]} 11. dxe5 {[%emt 0:00:59]} Nxe3 {[%emt 0:00:08]} 12. fxe3 {[%emt 0:00:06]} Bc5 {[%emt 0:00:18]} 13. Rfe1 {[%emt 0:01:08]} Qe7 14. b4 {[%emt 0:00:42]} Bb6 {[%emt 0:00:09]} 15. Nc4 {[%emt 0:01:37]} Bxf3 {[%emt 0:00:05]} 16. gxf3 {[%emt 0:00:03]} Nxe5 17. Nxe5 {[%emt 0:00:20]} Qxe5 {[%emt 0:00:02]} 18. Be4 {[%emt 0:01:12]} c6 {[%emt 0:00:05]} 19. c4 {[%emt 0:01:48]} Bxe3+ {[%emt 0:00:05]} 20. Kh1 {[%emt 0:00:26]} Qg5 {[%emt 0:00:11]} 21. Re2 {[%emt 0:00:15]} Rad8 {[%emt 0:00:13]} 22. Qb3 {[%emt 0:00:16]} Bf4 {[%emt 0:00:15]} 23. Rg2 {[%emt 0:00:03]} Qe7 {[%emt 0:02:25]} 24. Rag1 {[%emt 0:07:14]} Be5 25. Qe3 Kh8 26. f4 Bd4 27. Qg3 f5 28. Bd3 Bxg1 29. Rxg1 Rf6 30. Re1 Rxd3 31. Rxe7 Rxg3 32. hxg3 Rd6 33. Rxb7 Rd4 34. Rxa7 Rxc4 35. Rc7 Rxb4 36. Rxc6 Rb1+ 37. Kg2 Rb2+ 38. Kf3 Rxa2 39. Rc5 Ra3+ 40. Kf2 Ra2+ 41. Kf3 Ra3+ 42. Kf2 Kh7 43. Rxf5 Kg6 44. Re5 Kf6 45. Rb5 Rc3 46. Ra5 {Ke5} 1/2-1/2